<?xml version="1.0" encoding="UTF-8"?>
<marc:record xmlns:marc="http://www.loc.gov/MARC21/slim">
   <marc:leader>00000nam a2200000 a 4500</marc:leader>
   <marc:datafield ind1="1" ind2=" " tag="100">
      <marc:subfield code="a">Alexander, Neil</marc:subfield>
      <marc:subfield code="4">aut</marc:subfield>
      <marc:subfield code="e">Verfasser/-in</marc:subfield>
   </marc:datafield>
   <marc:datafield ind1=" " ind2=" " tag="653">
      <marc:subfield code="a">Fiktionale Darstellung</marc:subfield>
   </marc:datafield>
   <marc:datafield ind1=" " ind2=" " tag="653">
      <marc:subfield code="a">Erzählende Literatur: Gegenwartsliteratur ab 1945</marc:subfield>
   </marc:datafield>
   <marc:datafield ind1="0" ind2="0" tag="245">
      <marc:subfield code="a">Die geheimnisvollen Briefe der Margaret Small</marc:subfield>
   </marc:datafield>
   <marc:datafield ind1="0" ind2="0" tag="245">
      <marc:subfield code="b">Roman</marc:subfield>
   </marc:datafield>
   <marc:datafield ind1="0" ind2="0" tag="245">
      <marc:subfield code="c">Alexander, Neil</marc:subfield>
   </marc:datafield>
   <marc:datafield ind1=" " ind2="1" tag="264">
      <marc:subfield code="a">München</marc:subfield>
      <marc:subfield code="b">Blanvalet</marc:subfield>
      <marc:subfield code="c">2022</marc:subfield>
   </marc:datafield>
   <marc:datafield ind1=" " ind2=" " tag="250">
      <marc:subfield code="a">1. Auflage</marc:subfield>
   </marc:datafield>
   <marc:datafield ind1="1" ind2=" " tag="520">
      <marc:subfield code="a">Manchmal reicht ein einziger Brief, um dein Leben zu ändern ...&#xD;
&#xD;
Margaret ist 75 und zufrieden, sie erfreut sich an den kleinen Dingen des Lebens. Umso mehr, da ihr routinierter, aber selbstbestimmter Alltag für sie die große Freiheit bedeutet, denn fast ihr ganzes Leben verbrachte sie in einer Klinik für Menschen mit Lernschwierigkeiten. Als eines Tages geheimnisvolle Briefe ohne Absender bei ihr ankommen, bringt sie das völlig durcheinander. Margaret vertraut sich Wayne an, ein jüngerer Mann, der sich um sie kümmert und ihr im Alltag hilft. Zusammen mit Wayne kommt Margaret nicht nur dem Ursprung der Briefe auf die Spur, sondern sie geht auch endlich die ersten Schritte, um mit ihrer Vergangenheit Frieden zu schließen ...</marc:subfield>
   </marc:datafield>
   <marc:datafield ind1=" " ind2=" " tag="020">
      <marc:subfield code="a">9783764507954</marc:subfield>
      <marc:subfield code="9">9783764507954</marc:subfield>
   </marc:datafield>
   <marc:datafield ind1=" " ind2=" " tag="020">
      <marc:subfield code="a">3764507950</marc:subfield>
      <marc:subfield code="9">3764507950</marc:subfield>
   </marc:datafield>
   <marc:datafield ind1=" " ind2=" " tag="041">
      <marc:subfield code="a">ger</marc:subfield>
   </marc:datafield>
   <marc:datafield ind1=" " ind2=" " tag="338">
      <marc:subfield code="a">Band</marc:subfield>
   </marc:datafield>
   <marc:datafield ind1=" " ind2=" " tag="300">
      <marc:subfield code="a">361 Seiten</marc:subfield>
   </marc:datafield>
</marc:record>
